Stredoškolský dorast príloha pre dorast Čs. Červeného kríža na Slovensku na stredných a odborných školách

Bibliographic Details
Corporate Authors: Slovenský Červený kríž, Ľudotypia (Bratislava) (tlač.)
Other Authors: Zvonár Tieň, Jozef, 1919-1989 (Publishing director)
Format: Journal
Language:Slovak
PhysicalDescription:1 roč. 30 x 21 cm
Published: Bratislava Riaditeľstvo Divízie ČSČK pre Slovensko 1/I 1947-10/I 1948
Subjects:

MARC

LEADER 00000nas a22000001a 4500
001 vtls010302291
003 SK-MaSNL
005 20260228161757.0
008 110810d19471948xo zr p r 0 b0slo
015 |a SNBDS17XX9999 
015 |a 1547  |2 Balúnová 1945-60 
038 |a SNKBUDS 
040 |a SNK  |b slo  |c SNK  |e AACR2 
041 0 |a slo 
044 |a xo  |c SK 
080 |a 316.346.32-053.6  |2 2001 
245 0 0 |a Stredoškolský dorast  |b príloha pre dorast Čs. Červeného kríža na Slovensku na stredných a odborných školách 
260 |a Bratislava  |b Riaditeľstvo Divízie ČSČK pre Slovensko  |c 1/I 1947-10/I 1948 
300 |a 1 roč.  |c 30 x 21 cm 
310 |a 10x ročne 
362 0 |a Roč. I, č. 1 (sept. 1947)-č. 10 (jún 1948) 
500 |a Vych. v Bratislave 10x ročne 
500 |a [Hlav. red. Jozef Zvonár ds red. kruhom] 
500 |a [Vyd. Riaditeľstvo Divízie ČSČK pre Slovensko] 
500 |a [Tlač. Kníhtlačiareň Ľudotypia, úč. spol. v Bratislave] 
500 |a Vych. od sept. 1947 do júna 1948 ako príl. zákl. čas. Zvesti Červeného kríža. Nemá samostatnú tiráž. Od 8/IV (aug. 1948) sa príl. zákl. čas. mení z úsporných dôvodov na rubriku „Červenokrížsky dorast“ 
505 8 0 |g Roč. I. 1947/1948 10 č. po 4-8 s. 
650 0 7 |a mládež  |2 SNKPH  |9 1575 
650 0 7 |a stredné školy  |2 SNKPH  |9 1279 
655 7 |a časopisy pre mládež  |2 SNKBUDS  |9 70792 
700 1 |a Zvonár Tieň, Jozef,  |d 1919-1989  |4 pbd  |9 40147 
710 2 |a Slovenský Červený kríž  |9 29683 
710 2 |a Ľudotypia (Bratislava)  |e tlač.  |9 269307 
777 0 |a Zvesti Červeného kríža 
852 |a SNK  |b 10000  |h ČSB 1179 
852 |a UKB  |b 300000  |h SC 1838 
852 |a UKB  |b 300000  |h SC 1820 
852 |a SVKKK  |b 900000  |h C 3531 
852 |a UKB  |b 300000  |h XX B 441 
999 |c 6028  |d 7958